[Event "Titled Tuesday intern op 13th Feb Early"]
[Site "Chess.com INT"]
[Date "2024.02.13"]
[Round "5"]
[White "Castaneda Jimenez, Jhon David"]
[Black "Zirkelbach, Maj"]
[Result "1-0"]
[WhiteElo "2120"]
[BlackElo "2261"]
[PlyCount "79"]
[EventDate "2024.02.13"]
[EventType "swiss (blitz)"]
[EventRounds "11"]
[EventCountry "USA"]
[SourceTitle "CB08_2024"]
[SourceDate "2024.02.21"]
[SourceVersion "1"]
[SourceVersionDate "2024.02.21"]
[SourceQuality "1"]

1. d4 Nf6 2. Nf3 e6 3. c4 d5 4. Nc3 dxc4 5. e4 b5 6. e5 Nd5 7. Nxb5 Nb6 8. Be2 Bb7 9. 0-0 Nc6 10. Qd2 Be7 11. Qf4 0-0 12. Qg4 Kh8 13. Rd1 Nb4 14. Nc3 N4d5 15. Ng5 h6 16. Nge4 a5 17. Qh5 Kh7 18. a4 Qe8 19. Qg4 Rd8 20. Bd2 Nb4 21. Be3 Qd7 22. Nc5 Bxc5 23. dxc5 N6d5 24. Bxc4 Nxe3 25. fxe3 Qc6 26. Bf1 Qxc5 27. Qf4 g5 28. Qf6 Qxe3+ 29. Kh1 Rxd1 30. Rxd1 Qf4 31. Qe7 Kg7 32. Qxc7 Bd5 33. Qb6 Qxe5 34. Kg1 Qf4 35. Qxa5 Bb3 36. Re1 Nd5 37. Qc5 Rb8 38. Ne4 Bxa4 39. Qd4+ f6 40. Qxa4 1-0

[Event "Titled Tuesday intern op 13th Feb Early"]
[Site "Chess.com INT"]
[Date "2024.02.13"]
[Round "3"]
[White "Shevchuk, Olexandr"]
[Black "Castaneda Jimenez, Jhon David"]
[Result "0-1"]
[WhiteElo "2093"]
[BlackElo "2120"]
[PlyCount "58"]
[EventDate "2024.02.13"]
[EventType "swiss (blitz)"]
[EventRounds "11"]
[EventCountry "USA"]
[SourceTitle "CB08_2024"]
[SourceDate "2024.02.21"]
[SourceVersion "1"]
[SourceVersionDate "2024.02.21"]
[SourceQuality "1"]

1. d4 Nf6 2. c4 e6 3. g3 d5 4. Nf3 Be7 5. Bg2 Ne4 6. 0-0 f5 7. Nbd2 Nc6 8. Qc2 Bf6 9. e3 h5 10. h4 g5 11. hxg5 Bxg5 12. Nxg5 Qxg5 13. Nf3 Qf6 14. Nh4 Bd7 15. b4 Rc8 16. cxd5 exd5 17. b5 Ne7 18. a4 Ng6 19. Nxg6 Qxg6 20. f3 Nxg3 21. Re1 h4 22. Kh2 Qd6 23. f4 Ne4 24. Bxe4 fxe4 25. Ba3 Qe6 26. Qg2 Rg8 27. Qf1 Rg3 28. Re2 Qg4 29. Raa2 Rh3+ 0-1

[Event "Titled Tuesday intern op 06th Feb Early"]
[Site "Chess.com INT"]
[Date "2024.02.06"]
[Round "9"]
[White "Castaneda Jimenez, Jhon David"]
[Black "Ismayil, Malak"]
[Result "1-0"]
[WhiteElo "2120"]
[BlackElo "2200"]
[PlyCount "69"]
[EventDate "2024.02.06"]
[EventType "swiss (blitz)"]
[EventRounds "11"]
[EventCountry "USA"]
[SourceTitle "CB07_2024"]
[SourceDate "2024.02.14"]
[SourceVersion "1"]
[SourceVersionDate "2024.02.14"]
[SourceQuality "1"]

1. d4 d5 2. Nf3 Nf6 3. c4 e6 4. Nc3 Be7 5. cxd5 exd5 6. Bf4 0-0 7. e3 c6 8. Qc2 Bg4 9. Bd3 Nbd7 10. Ne5 Bh5 11. 0-0 Bg6 12. Rab1 Rc8 13. b4 Bxd3 14. Qxd3 Nxe5 15. Bxe5 Nd7 16. Bg3 a6 17. a4 Nb6 18. b5 cxb5 19. axb5 a5 20. Rfc1 Qd7 21. Be5 Rc4 22. Ne2 Rfc8 23. Rd1 a4 24. e4 a3 25. exd5 Nxd5 26. b6 Qc6 27. h3 f6 28. Bf4 Qa4 29. Re1 a2 30. Ra1 Nb4 31. Qe4 Bf8 32. Qxb7 Nc2 33. Qd5+ Kh8 34. b7 Nxe1 35. Rxe1 1-0

[Event "Titled Tuesday intern op 06th Feb Early"]
[Site "Chess.com INT"]
[Date "2024.02.06"]
[Round "4"]
[White "Lazavik, Denis"]
[Black "Castaneda Jimenez, Jhon David"]
[Result "1-0"]
[WhiteElo "2567"]
[BlackElo "2120"]
[PlyCount "99"]
[EventDate "2024.02.06"]
[EventType "swiss (blitz)"]
[EventRounds "11"]
[EventCountry "USA"]
[SourceTitle "CB07_2024"]
[SourceDate "2024.02.14"]
[SourceVersion "1"]
[SourceVersionDate "2024.02.14"]
[SourceQuality "1"]

1. d4 Nf6 2. c4 e6 3. Nf3 d5 4. g3 Be7 5. Bg2 Ne4 6. 0-0 f5 7. Nc3 0-0 8. Qc2 c6 9. Rb1 a5 10. a3 Bf6 11. b4 axb4 12. axb4 Nd7 13. b5 Nxc3 14. Qxc3 Nb6 15. c5 Nc4 16. Bf4 Ra3 17. Qc1 Ra2 18. Re1 Na3 19. bxc6 bxc6 20. Rb8 Qa5 21. e3 Nb5 22. Bf1 Nc3 23. Rb2 Ne4 24. Rxa2 Qxa2 25. Re2 Qa5 26. Rc2 Ba6 27. Bxa6 Qxa6 28. Kg2 Ra8 29. Rb2 Qd3 30. Qc2 Qa3 31. Be5 Be7 32. Rb7 Bf8 33. Bf4 Qa1 34. Rb2 Qa3 35. Ne5 Rc8 36. Nd3 Qa1 37. Ra2 Qc3 38. Qxc3 Nxc3 39. Ra6 Nb5 40. Ne5 h6 41. Nxc6 g5 42. Be5 Nc3 43. Na7 Ra8 44. c6 Nb5 45. c7 Nxc7 46. Bxc7 Be7 47. Ra5 Kf7 48. Nc6 Rxa5 49. Bxa5 Bb4 50. Bxb4 1-0

[Event "Medellin Flores op 30th"]
[Site "Medellin"]
[Date "2023.08.05"]
[Round "4"]
[White "Castaneda Jimenez, Jhon David"]
[Black "Pinero Rodriguez, Carlos Jose"]
[Result "0-1"]
[WhiteElo "2123"]
[BlackElo "2246"]
[PlyCount "64"]
[EventDate "2023.08.03"]
[EventType "swiss"]
[EventRounds "9"]
[EventCountry "COL"]
[SourceTitle "CBM 215 Extra"]
[Source "ChessBase"]
[SourceDate "2023.09.30"]
[SourceVersion "1"]
[SourceVersionDate "2023.09.30"]
[SourceQuality "1"]

1. d4 Nf6 2. c4 g6 3. Nc3 Bg7 4. e4 d6 5. Be2 c5 6. d5 0-0 7. Bf4 Qa5 8. Qd2 a6 9. a4 b5 10. cxb5 axb5 11. Bxb5 Ba6 12. Bxa6 Nxa6 13. Nge2 Rfb8 14. f3 c4 15. Nd4 Nxe4 16. fxe4 Rxb2 17. Qe3 Rxg2 18. Kf1 Rg4 19. Nce2 e5 20. dxe6 fxe6 21. Bg3 Nc5 22. e5 Rf8+ 23. Kg2 Qa8+ 24. Kh3 Re4 25. Qd2 dxe5 26. Nb5 g5 27. Rhf1 g4+ 28. Kh4 Rf6 29. Nc7 Qf8 30. Qg5 Rxf1 31. Rxf1 Qxf1 32. Nf4 Rxf4 0-1

[Event "Medellin Flores op 30th"]
[Site "Medellin"]
[Date "2023.08.05"]
[Round "5"]
[White "Hernandez, Elvert"]
[Black "Castaneda Jimenez, Jhon David"]
[Result "1/2-1/2"]
[WhiteElo "1895"]
[BlackElo "2123"]
[PlyCount "143"]
[EventDate "2023.08.03"]
[EventType "swiss"]
[EventRounds "9"]
[EventCountry "COL"]
[SourceTitle "CBM 215 Extra"]
[Source "ChessBase"]
[SourceDate "2023.09.30"]
[SourceVersion "1"]
[SourceVersionDate "2023.09.30"]
[SourceQuality "1"]

1. e4 c5 2. Nf3 Nc6 3. d4 cxd4 4. Nxd4 Nf6 5. Nc3 d6 6. f3 e5 7. Nb3 Be7 8. Be3 0-0 9. Qd2 Be6 10. 0-0-0 a5 11. Bb5 Na7 12. Qe2 Nxb5 13. Qxb5 a4 14. Nc5 a3 15. b3 Qc8 16. N5a4 Qc7 17. Bb6 Qb8 18. g4 Qc8 19. Be3 Qc6 20. g5 Nd7 21. Rd3 Rfc8 22. h4 Ra6 23. h5 Qc7 24. Rh2 Rc6 25. Kb1 d5 26. exd5 e4 27. fxe4 Qxh2 28. dxc6 bxc6 29. Qa6 Ne5 30. Rd1 Qxh5 31. Nc5 Bg4 32. Qb7 Bxg5 33. Bc1 Rf8 34. Rf1 Bxc1 35. Rxc1 Qh3 36. N3a4 Qe3 37. Qb4 h5 38. Qxa3 h4 39. Qb2 Nf3 40. Qc3 Qg5 41. Nd3 h3 42. Nf2 h2 43. Qxc6 Nd2+ 44. Kb2 Bf3 45. Qd6 Qh6 46. Qxh6 gxh6 47. Nc5 Re8 48. Re1 Nxe4 49. Ncxe4 Rxe4 50. Rc1 Re2 51. Nh1 Rg2 52. a4 Rg1 53. Nf2 Rxc1 54. Kxc1 h1Q+ 55. Nxh1 Bxh1 56. c4 Kf8 57. b4 Ke7 58. Kd2 h5 59. Ke3 Kd7 60. b5 h4 61. c5 h3 62. Kf2 Bd5 63. Kg3 Bb3 64. a5 Bc4 65. b6 Kc6 66. Kxh3 Ba6 67. Kg4 Kxc5 68. Kf5 Kc6 69. Kf6 Bc4 70. Ke5 Kb7 71. Kd4 Bf1 72. Ke5 1/2-1/2

[Event "Titled Tuesday intern op 25th Jul Early"]
[Site "Chess.com INT"]
[Date "2023.07.25"]
[Round "2"]
[White "Castaneda Jimenez, Jhon David"]
[Black "Alvarado Diaz, Alejandro"]
[Result "0-1"]
[WhiteElo "2123"]
[BlackElo "2464"]
[PlyCount "62"]
[EventDate "2023.07.25"]
[EventType "swiss (blitz)"]
[EventRounds "11"]
[EventCountry "USA"]
[SourceTitle "EXT 2024"]
[Source "ChessBase"]
[SourceDate "2023.10.10"]
[SourceVersion "1"]
[SourceVersionDate "2023.10.10"]
[SourceQuality "1"]

1. d4 d5 2. Nf3 Nf6 3. c4 e6 4. Nc3 c6 5. cxd5 exd5 6. Bg5 Be7 7. Qc2 Nbd7 8. e3 0-0 9. Bd3 Re8 10. h3 Nf8 11. Bf4 Ne6 12. Be5 g6 13. 0-0-0 b5 14. Kb1 a5 15. Ne2 Bb7 16. g4 b4 17. Ng3 c5 18. Bxf6 Bxf6 19. dxc5 Rc8 20. Qd2 Nxc5 21. Nd4 Qb6 22. Bb5 Red8 23. f3 Bxd4 24. exd4 Qxb5 25. dxc5 Qxc5 26. Ne2 d4 27. Nxd4 Bxf3 28. Rc1 Qxd4 29. Qxd4 Rxc1+ 30. Kxc1 Rxd4 31. Rf1 Bg2 0-1

[Event "Titled Tuesday intern op 30th May Late"]
[Site "Chess.com INT"]
[Date "2023.05.30"]
[Round "5"]
[White "Castaneda Jimenez, Jhon David"]
[Black "Vaglio Munoz, Jaime"]
[Result "1-0"]
[WhiteElo "2123"]
[BlackElo "2174"]
[PlyCount "103"]
[EventDate "2023.05.30"]
[EventType "swiss (blitz)"]
[EventRounds "11"]
[EventCountry "USA"]
[SourceTitle "CBM 214 Extra"]
[Source "ChessBase"]
[SourceDate "2023.07.31"]
[SourceVersion "1"]
[SourceVersionDate "2023.07.31"]
[SourceQuality "1"]

1. d4 c6 2. Nf3 b5 3. e4 a6 4. Bd3 d5 5. e5 Bg4 6. h3 Bxf3 7. Qxf3 e6 8. 0-0 c5 9. dxc5 Bxc5 10. Qg4 Kf8 11. Nd2 Nc6 12. Nf3 Nge7 13. c3 Ng6 14. Re1 Qc7 15. Qg3 b4 16. h4 Nge7 17. h5 h6 18. Bd2 a5 19. Rac1 Qb6 20. c4 d4 21. Be4 Rd8 22. Bf4 d3 23. Rcd1 Nd4 24. Rxd3 Ndf5 25. Rxd8+ Qxd8 26. Qg4 Qb6 27. Rf1 a4 28. b3 a3 29. Nh4 Nxh4 30. Qxh4 Bd4 31. Bg3 Qc5 32. Qf4 Ke8 33. Qg4 Rg8 34. Bh7 Kf8 35. Bxg8 Kxg8 36. Qe4 Nf5 37. Bf4 Qc7 38. g4 Nh4 39. Bg3 Bxe5 40. Bxh4 Bh2+ 41. Kg2 Be5 42. Bg3 Bc3 43. Bxc7 e5 44. Bxe5 Bd2 45. Rd1 f6 46. Rxd2 Kf7 47. Bg3 g5 48. c5 f5 49. Qxf5+ Ke7 50. c6 Ke8 51. Qd7+ Kf8 52. c7 1-0

[Event "Titled Tuesday intern op 30th May Late"]
[Site "Chess.com INT"]
[Date "2023.05.30"]
[Round "6"]
[White "Szente Varga, Fruzsina"]
[Black "Castaneda Jimenez, Jhon David"]
[Result "0-1"]
[WhiteElo "2075"]
[BlackElo "2123"]
[PlyCount "28"]
[EventDate "2023.05.30"]
[EventType "swiss (blitz)"]
[EventRounds "11"]
[EventCountry "USA"]
[SourceTitle "CBM 214 Extra"]
[Source "ChessBase"]
[SourceDate "2023.07.31"]
[SourceVersion "1"]
[SourceVersionDate "2023.07.31"]
[SourceQuality "1"]

1. e4 c5 2. Nf3 a6 3. b3 g6 4. Bb2 Nf6 5. e5 Nd5 6. c4 Nc7 7. d4 cxd4 8. Nxd4 Bg7 9. Nf3 Nc6 10. Be2 0-0 11. 0-0 d6 12. Qc2 Bf5 13. Bd3 Nb4 14. Qe2 Bxd3 0-1

[Event "Titled Tuesday intern op 11th Apr Late"]
[Site "Chess.com INT"]
[Date "2023.04.11"]
[Round "7"]
[White "Roberson, Peter T"]
[Black "Castaneda Jimenez, Jhon David"]
[Result "0-1"]
[WhiteElo "2430"]
[BlackElo "2120"]
[PlyCount "74"]
[EventDate "2023.04.11"]
[EventType "swiss (blitz)"]
[EventRounds "11"]
[EventCountry "USA"]
[SourceTitle "CBM 213 Extra"]
[Source "ChessBase"]
[SourceDate "2023.05.31"]
[SourceVersion "1"]
[SourceVersionDate "2023.05.31"]
[SourceQuality "1"]

1. d4 Nf6 2. c4 e6 3. Nf3 d5 4. h3 dxc4 5. e3 a6 6. Bxc4 b5 7. Bd3 Bb7 8. 0-0 Nbd7 9. a4 b4 10. Nbd2 c5 11. Nc4 a5 12. b3 Be7 13. Bb2 0-0 14. Qe2 Ne4 15. Rac1 Ndf6 16. Rfd1 Bd5 17. dxc5 Nxc5 18. e4 Nxd3 19. Rxd3 Bxc4 20. Rxc4 Qb6 21. Ne5 Rac8 22. Rxc8 Rxc8 23. Nc4 Qc7 24. Be5 Qa7 25. Bd4 Qa6 26. Bxf6 Bxf6 27. Rd6 Qa7 28. Qd3 g6 29. g3 Kg7 30. Kg2 h5 31. h4 Rc7 32. Rb6 Rxc4 33. Qxc4 Qxb6 34. f4 Qd4 35. Qb5 Qxe4+ 36. Kh2 Qd5 37. Qb6 Bd4 0-1

[Event "Medellin Easter op 11th"]
[Site "Medellin"]
[Date "2023.04.05"]
[Round "1"]
[White "Castaneda Jimenez, Jhon David"]
[Black "Martinez Serna, Miguel Angel"]
[Result "1-0"]
[WhiteElo "2120"]
[BlackElo "1369"]
[PlyCount "55"]
[EventDate "2023.04.05"]
[EventType "swiss"]
[EventRounds "7"]
[EventCountry "COL"]
[SourceTitle "CBM 213 Extra"]
[Source "ChessBase"]
[SourceDate "2023.05.31"]
[SourceVersion "1"]
[SourceVersionDate "2023.05.31"]
[SourceQuality "1"]

1. Nf3 d5 2. c4 c6 3. g3 Nf6 4. Bg2 Bf5 5. cxd5 cxd5 6. Qb3 Qc7 7. Nc3 e6 8. d3 Nc6 9. Bf4 Qd7 10. e4 Bg4 11. Ne5 Nxe5 12. Bxe5 Be7 13. h3 Bh5 14. exd5 exd5 15. 0-0 0-0 16. Nxd5 Nxd5 17. Qxd5 Qxd5 18. Bxd5 Rad8 19. Bxb7 Rxd3 20. Rac1 Bd6 21. Be4 Rd2 22. Bc3 Re2 23. Rfe1 Rxe1+ 24. Rxe1 Bg6 25. Bf3 Bc5 26. h4 h6 27. h5 Bf5 28. Re5 1-0

[Event "Titled Tuesday intern op 18th Oct Early"]
[Site "Chess.com INT"]
[Date "2022.10.18"]
[Round "2"]
[White "Winkels, Marcel"]
[Black "Castaneda Jimenez, Jhon David"]
[Result "0-1"]
[WhiteElo "1960"]
[BlackElo "2120"]
[PlyCount "58"]
[EventDate "2022.10.18"]
[EventType "swiss (blitz)"]
[EventRounds "11"]
[EventCountry "USA"]
[SourceTitle "EXT 2024"]
[Source "ChessBase"]
[SourceDate "2023.10.10"]
[SourceVersion "1"]
[SourceVersionDate "2023.10.10"]
[SourceQuality "1"]

1. e4 c5 2. Nf3 Nc6 3. d4 cxd4 4. Nxd4 Nf6 5. Nc3 d6 6. Bg5 e6 7. Qd2 a6 8. 0-0-0 h6 9. Nxc6 bxc6 10. Bf4 d5 11. Be5 Be7 12. exd5 exd5 13. Bd3 Be6 14. f4 0-0 15. h3 Nd7 16. Rde1 Nxe5 17. fxe5 Bg5 18. Re3 d4 19. Rhe1 dxe3 20. Qe2 Qd4 21. g3 Bxh3 22. Ne4 Qxe5 23. Nxg5 Qxg5 24. Kb1 Rfe8 25. Qf3 Bd7 26. a3 a5 27. Bc4 Be6 28. Qxc6 Rac8 29. Qb5 Bxc4 0-1

[Event "COL-ch U26"]
[Site "Cali"]
[Date "2022.09.28"]
[Round "1"]
[White "Castaneda Jimenez, Jhon David"]
[Black "Hurtado Mosquera, Orestes Andre"]
[Result "1-0"]
[WhiteElo "2120"]
[BlackElo "1760"]
[PlyCount "97"]
[EventDate "2022.09.28"]
[EventType "swiss"]
[EventRounds "6"]
[EventCountry "COL"]
[SourceTitle "CBM 210 Extra"]
[Source "ChessBase"]
[SourceDate "2022.11.30"]
[SourceVersion "1"]
[SourceVersionDate "2022.11.30"]
[SourceQuality "1"]

1. Nf3 Nf6 2. c4 g6 3. Nc3 Bg7 4. e4 d6 5. d4 0-0 6. Be2 e5 7. Be3 exd4 8. Nxd4 Nbd7 9. 0-0 Nc5 10. f3 Ne6 11. Nc2 a5 12. Qd2 Nd7 13. Rac1 Ndc5 14. Bh6 Bd7 15. Bxg7 Kxg7 16. f4 f5 17. exf5 Rxf5 18. g3 h5 19. Ne3 Rf8 20. f5 Ng5 21. fxg6 Nh3+ 22. Kg2 Qg5 23. Qd4+ Kxg6 24. Ned5 Nf2 25. Nf4+ Rxf4 26. Qxf4 Qxf4 27. gxf4 Ng4 28. Bxg4 hxg4 29. Rce1 Nd3 30. Re2 Rf8 31. Kg3 Rh8 32. Nd5 Rh3+ 33. Kg2 Bc6 34. Kg1 Bxd5 35. cxd5 Nb4 36. Rd1 Nxa2 37. Re7 Rb3 38. Rde1 Kf5 39. Rf7+ Kg6 40. Rxc7 Kf5 41. Rf7+ Kg6 42. Rd7 Kf5 43. Rxd6 Rxb2 44. Rd8 Rd2 45. Rf8+ Kg6 46. Re6+ Kg7 47. Rb8 Rxd5 48. Rxb7+ Kf8 49. Ra6 1-0

[Event "Medellin Feria de las Flores op"]
[Site "Medellin"]
[Date "2022.08.07"]
[Round "8"]
[White "Iral Castro, Brahiam"]
[Black "Castaneda Jimenez, Jhon David"]
[Result "0-1"]
[WhiteElo "1859"]
[BlackElo "2166"]
[PlyCount "124"]
[EventDate "2022.08.03"]
[EventType "swiss"]
[EventRounds "9"]
[EventCountry "COL"]
[SourceTitle "CBM 209 Extra"]
[Source "ChessBase"]
[SourceDate "2022.09.30"]
[SourceVersion "1"]
[SourceVersionDate "2022.09.30"]
[SourceQuality "1"]

1. d4 Nf6 2. Nf3 e6 3. e3 b6 4. Bd3 Bb7 5. Nbd2 c5 6. c3 cxd4 7. exd4 Be7 8. Qe2 0-0 9. 0-0 a6 10. Re1 Re8 11. Ne4 Nxe4 12. Bxe4 Bxe4 13. Qxe4 d5 14. Qg4 Nd7 15. Ne5 Nxe5 16. Rxe5 Bf6 17. Rh5 g6 18. Bf4 Bg7 19. Rh3 b5 20. Re1 a5 21. Be5 f6 22. Bf4 e5 23. dxe5 fxe5 24. Rhe3 e4 25. h4 b4 26. h5 Ra6 27. Rd1 bxc3 28. bxc3 Rc6 29. hxg6 hxg6 30. Bg3 Rce6 31. Qf4 a4 32. Qc7 Qxc7 33. Bxc7 Rc6 34. Ba5 Re5 35. Bb4 Rf5 36. Re2 Kf7 37. f3 exf3 38. Re7+ Kg8 39. gxf3 Bxc3 40. Bxc3 Rxc3 41. Rb1 Rcxf3 42. Rb8+ Rf8 43. Rb6 R3f6 44. Rb5 R8f7 45. Rxf7 Kxf7 46. Rxd5 Rb6 47. Kf2 Rb2+ 48. Kf3 Rxa2 49. Ra5 Kf6 50. Kg3 Kg7 51. Kh3 Kf6 52. Kg3 Ke6 53. Kf3 a3 54. Kg3 Kd6 55. Ra6+ Kc5 56. Rxg6 Rb2 57. Ra6 Kb4 58. Kf4 a2 59. Ke4 Kc3 60. Rc6+ Kd2 61. Ra6 Kc1 62. Kd4 Kb1 0-1

[Event "Titled Tuesday intern op 26th Jul Early"]
[Site "Chess.com INT"]
[Date "2022.07.26"]
[Round "5"]
[White "Nazari, Arad"]
[Black "Castaneda Jimenez, Jhon David"]
[Result "1-0"]
[WhiteElo "2401"]
[BlackElo "2166"]
[PlyCount "67"]
[EventDate "2022.07.26"]
[EventType "swiss (blitz)"]
[EventRounds "11"]
[EventCountry "USA"]
[SourceTitle "EXT 2023"]
[Source "ChessBase"]
[SourceDate "2022.10.05"]
[SourceVersion "1"]
[SourceVersionDate "2022.10.05"]
[SourceQuality "1"]

1. e4 c5 2. Nf3 Nc6 3. Bb5 g6 4. Bxc6 dxc6 5. d3 Bg7 6. 0-0 Nf6 7. h3 Nd7 8. a4 a5 9. Na3 e5 10. Be3 0-0 11. Qd2 Re8 12. c3 b6 13. Rad1 Ba6 14. Rfe1 Nf8 15. d4 exd4 16. cxd4 cxd4 17. Bxd4 Ne6 18. Bxg7 Qxd2 19. Rxd2 Kxg7 20. Rd6 Rac8 21. Ne5 Nc5 22. f4 Nxa4 23. Nxc6 Nxb2 24. Ne5 Na4 25. Rd7 Rf8 26. Rb1 Nc5 27. Ra7 Bb7 28. Rxb6 Bxe4 29. Rxa5 Ne6 30. Rb4 Rc2 31. Rxe4 Rc1+ 32. Kh2 Rc3 33. Nb5 Rc5 34. Nd7 1-0